000
00263nam a22001217a 4500
003
SGT
082
_a
336.2
_b
VIJ
100
_a
VIJAYARAGHAVAN
245
_a
K R RAMAMANI
_b
REMEMBRANCE OF A TAX LEGEND
260
_a
CHENNAI
_b
SAPRA
300
_a
575
942
_2
ddc
_c
BK
999
_c
32320
_d
32320